000
00349 a2200169 4500
001
46698
020
_a
9788576764953
040
_c
Anchieta - Aquarius
100
_a
Ciencin, Scott
240
1
0
_a
Batman
_l
por
245
1
0
_a
Batman
300
_a
362
0
_a
2008
440
1
_a
Fundamento
650
4
_a
Literatura infanto-juvenil
942
_c
BK
999
_c
46698
_d
46698